000
00295nam a2200145Ia 4500
100
_a
SL. Dwivedi
490
_v
1
942
_c
BK
654
_a
Baggage Rules
245
_a
Baggage Rules
260
_b
Estern book company
_a
Lucknow
_c
1983
082
_a
340
300
_a
69
546
_a
ENGLISH
999
_c
27094
_d
27094